Death of christendoms, birth of the church : Historical Analysis and Theological Interpretation of the church in Latin America (Record no. 22830)

MARC details
000 -LEADER
fixed length control field 00683pam a2200181 a 4500
020 ## - INTERNATIONAL STANDARD BOOK NUMBER
ISBN 0883445573
020 ## - INTERNATIONAL STANDARD BOOK NUMBER
ISBN 0883445565(pbk.)
082 00 - DEWEY DECIMAL CLASSIFICATION NUMBER
Classification number 282.8
Author Cutter RIC
100 1# - MAIN ENTRY--AUTHOR NAME
Author name Richard, Pablo.
245 10 - TITLE STATEMENT
Title Death of christendoms, birth of the church : Historical Analysis and Theological Interpretation of the church in Latin America
260 ## - PUBLICATION, DISTRIBUTION, ETC. (IMPRINT)
Place of publication Maryknoll, NY :
Name of publisher Orbis Books,
Year of publication c1987.
300 ## - PHYSICAL DESCRIPTION
Number of Pages x, 213 p. :
Other physical details ill. ;
500 ## - GENERAL NOTE
General note Translation of: Mort des chrétientés et naissance de l'Église. 1978.
500 ## - GENERAL NOTE
General note "Incorporates alterations and updatings by the author in the Spanish version"--T.p. verso.
650 #0 - SUBJECT ADDED ENTRY--TOPICAL TERM
Topical Term Liberation theology.
942 ## - ADDED ENTRY ELEMENTS (KOHA)
Koha item type Books
Holdings
Home library Current library Shelving location Date acquired Source of acquisition Full call number Accession Number Koha item type
Henry Martyn Institute Library Henry Martyn Institute Library General stacks 01/23/2020 Lutheran School of Theology, Chicago 282.8 RIC 11004136 Books
                   Copyright © 2026 | Henry Martyn Institute | Hyderabad | TS-500052 | INDIA | Implemented by hmi.edu.in
Hit-Count:

Powered by Koha